Lucky Seven Crossword II Quiz Stats

 Plays Quiz Updated Jan 3, 2018

Score 0/64 Timer 03:00
2 Plays Today
% Correct
SMALLER        
90.7%
S 
90.7%
M 
90.7%
A 
90.7%
L 
90.7%
L 
90.7%
E 
90.7%
R 
90.7%
OSMOSIS                                            
80.1%
O 
80.1%
S 
80.1%
M 
80.1%
O 
80.1%
S 
80.1%
I 
80.1%
S 
80.1%
ENRAGED                                             
75.2%
E 
75.2%
N 
75.2%
R 
75.2%
A 
75.2%
G 
75.2%
E 
75.2%
D 
75.2%
LASTING       

72.7%
L 
72.7%
A 
72.7%
S 
72.7%
T 
72.7%
I 
72.7%
N 
72.7%
G 
72.7%
% Correct
SPORCLE        

69%
S 
69%
P 
69%
O 
69%
R 
69%
C 
69%
L 
69%
E 
69%
ARMORER       

65.3%
A 
65.3%
R 
65.3%
M 
65.3%
O 
65.3%
R 
65.3%
E 
65.3%
R 
65.3%
ROSINED        
50.2%
R 
50.2%
O 
50.2%
S 
50.2%
I 
50.2%
N 
50.2%
E 
50.2%
D 
50.2%
CARRION                                             
48.1%
C 
48.1%
A 
48.1%
R 
48.1%
R 
48.1%
I 
48.1%
O 
48.1%
N 
48.1%

You're not logged in!

Compare scores with friends on all Sporcle quizzes.
OR
Log In

You Might Also Like...

Show Comments

Extras

Top Quizzes Today


Score Distribution

Your Account Isn't Verified!

In order to create a playlist on Sporcle, you need to verify the email address you used during registration. Go to your Sporcle Settings to finish the process.

Report this User

Report this user for behavior that violates our Community Guidelines.

Details: